BIBLIOTHÈQUE DE LA MAISON DU MEXIQUE

Logo 1 Logo 2

Musée National d'Anthropologie (notice nᵒ 6366)

détails MARC
000 -Sello discográfico
campo de control de longitud fija 00829nam a2200289 4500
005 - Identificación de versión
campo de control 20251016083540.0
010 ## - Número Estándar Internacional de Libros (ISBN)
Número (ISBN) 84-253-1624-3
099 ## - fechas locales
Tipo de ítem Koha LIBRO
100 ## - Datos de procesamiento general
Datos de procesamiento general 20230222d1980 m y1spay5003 ba
101 ## - Idioma del recurso
Idioma del texto, banda sonora, etc. Francés
105 ## - Campo de datos codificados: Material textual, monográfico
Datos codificados de monografía a 001zy
200 1# - Título y mención de responsabilidad
Título propio Musée National d'Anthropologie
Designación general del material texto impreso
Primer mención de responsabilidad texte María Antonieta Cervantes
205 ## - Declaración de edición
Declaración de edición 3a ed
210 ## - Publicación, distribución, etc.
Lugar de publicación, distribución, etc. Barcelona
Nombre del editor, distribuidor, etc. Editorial Grijalbo
Fecha de publicación, distribución, etc. 1984
215 ## - Descripción física
Designación de material específico y extensión del ítem 95 p
Otras características físicas il.
Dimensiones 25 cm
345 ## - Nota de información de adquisición
Fuente de adquisición/dirección de la suscripción [OBSOLETO] Donación Alain Musset
601 ## - Nombre de entidad corporativa utilizado como temática
Elemento de entrada Museo Nacional de Antropología
Adición al nombre o calificador México
Número Koha 2746
660 ## - Código de área geográfica
Código MX
702 ## - Nombre personal - Responsabilidad secundaria
Elemento de entrada Cervantes
Parte del nombre distinta del elemento de entrada María Antonieta
Número Koha 7159
801 #0 - Fuente de origen
País FR
Agencia cm
Reglas de catalogación (convenciones descriptivas) AFNOR
900 ## -
-- 1/21940
900 ## -
-- 7100417642\080104
942 ## - ELEMENTOS DE ENTRADA SECUNDARIOS (KOHA)
Tipo de ítem Koha Livre
996 ## -
-- MEX
-- 751145101
-- MMAG
-- 007535
-- 913.72 IN59MU
-- 20230222LIV
Exemplaires
Estatus retirado Estado de daño Estado de pérdida Fecha de adquisición Biblioteca de origen Biblioteca actual Ubicación en estantería Código de barras Precio de reemplazo Signatura topográfica completa No para préstamo Tipo de ítem Koha Nota pública Nota no pública
      05/08/2025 Casa México Paris Casa México Paris   007535 05/08/2025 913.72 IN59MU   Livre 20230222LIV 751145101